[Event "Deutsche Ländermeisterschaft 2020"]
[Site "Berlin GER"]
[Date "2020.09.30"]
[Round "1"]
[White "Hoppstädter, Daniel"]
[Black "Bakiev, Diyor"]
[Result "0-1"]
[Termination "normal"]
[Board "8.4"]
[WhiteElo "1712"]
[BlackElo "2070"]
[WhiteTeam "Saarland"]
[BlackTeam "Hessen"]
[PlyCount "92"]
[WhiteFideId "16243625"]
[BlackFideId "16241584"]
[EventCountry "GER"]
[EventRounds "7"]
[EventType "team-swiss"]
[EventDate "2020.09.29"]

1. d4 Nf6 2. Nf3 e6 3. Bg5 h6 4. Bh4 c5 5. e3 d5 6. Nbd2 Nbd7 7. c3 Bd6 8. Bd3
O-O 9. Bg3 Qc7 10. Qe2 b6 11. e4 Bxg3 12. hxg3 cxd4 13. cxd4 dxe4 14. Nxe4 Bb7
15. Nxf6+ Nxf6 16. Ne5 Qd6 17. Qd2 Be4 18. Rd1 Qxd4 19. Nc6 Qxd3 20. Qxd3 Bxd3
21. Rxd3 Nd5 22. Rh4 Rfc8 23. Rc4 Kf8 24. a3 Rc7 25. b4 a6 26. Rd2 Rac8 27.
Rdc2 f6 28. Ke2 Ke8 29. Kd3 Kd7 30. Nd4 Rxc4 31. Rxc4 Rxc4 32. Kxc4 Kd6 33. b5
a5 34. Kd3 g6 35. f4 g5 36. fxg5 hxg5 37. Ke4 f5+ 38. Kd3 f4 39. g4 Ne3 40. Nf3
Nxg4 41. Nxg5 Kd5 42. Nh3 e5 43. Ng5 Nf2+ 44. Ke2 Ne4 45. Nf3 Nc3+ 46. Kd3 Nxb5
0-1

[Event "Deutsche Ländermeisterschaft 2020"]
[Site "Berlin GER"]
[Date "2020.09.30"]
[Round "1"]
[White "Poetsch, Leonore"]
[Black "Müller, Maximilian"]
[Result "1/2-1/2"]
[Termination "normal"]
[Board "8.5"]
[WhiteElo "1984"]
[BlackElo "1691"]
[WhiteTeam "Hessen"]
[BlackTeam "Saarland"]
[PlyCount "130"]
[WhiteFideId "12940372"]
[BlackFideId "16243552"]
[EventCountry "GER"]
[EventRounds "7"]
[EventType "team-swiss"]
[EventDate "2020.09.29"]

1. e4 e6 2. d4 d5 3. Nd2 Nf6 4. e5 Nfd7 5. Bd3 c5 6. c3 Nc6 7. Ne2 cxd4 8. cxd4
f6 9. exf6 Nxf6 10. Nf3 Bd6 11. O-O Qc7 12. b3 O-O 13. Bb2 Ng4 14. Ng3 e5 15.
dxe5 Ncxe5 16. Nxe5 Bxe5 17. Rc1 Qd6 18. Bxe5 Nxe5 19. Bb1 d4 20. Ne4 Qd8 21.
Nc5 b6 22. Be4 Rb8 23. Bxh7+ Kxh7 24. Qh5+ Kg8 25. Qxe5 Bf5 26. Na6 Rb7 27.
Rfd1 d3 28. Rd2 Qg5 29. Rcd1 Re7 30. f4 Rxe5 31. fxg5 Bg4 32. Rf1 Rxf1+ 33.
Kxf1 Be2+ 34. Kf2 Rf5+ 35. Ke3 Rxg5 36. g3 Rh5 37. Nb4 a5 38. Nxd3 Bxd3 39.
Kxd3 Kf7 40. Ke4 Ke6 41. Kf4 Rb5 42. h4 Rf5+ 43. Kg4 Rb5 44. h5 Kf6 45. Rf2+
Ke6 46. Kh4 Rd5 47. g4 b5 48. Rc2 Kf6 49. g5+ Kf5 50. Rf2+ Ke6 51. h6 gxh6 52.
gxh6 Rd1 53. Kh5 Rh1+ 54. Kg6 Rg1+ 55. Kh7 Rg4 56. Kh8 a4 57. bxa4 bxa4 58. h7
Ke7 59. a3 Ke8 60. Rf5 Ke7 61. Ra5 Kf7 62. Ra7+ Kf8 63. Ra8+ Kf7 64. Rg8 Rh4
65. Rg3 Rf4 1/2-1/2

[Event "Deutsche Ländermeisterschaft 2020"]
[Site "Berlin GER"]
[Date "2020.09.30"]
[Round "1"]
[White "Fuchs, Emily"]
[Black "Werner, Rosalie"]
[Result "0-1"]
[Termination "normal"]
[Board "8.6"]
[WhiteElo "1441"]
[BlackElo "1688"]
[WhiteTeam "Saarland"]
[BlackTeam "Hessen"]
[PlyCount "94"]
[WhiteFideId "16208986"]
[BlackFideId "16223748"]
[EventCountry "GER"]
[EventRounds "7"]
[EventType "team-swiss"]
[EventDate "2020.09.29"]

1. e4 e6 2. d4 d5 3. exd5 exd5 4. Nf3 Bd6 5. Bd3 Nc6 6. c3 Bg4 7. Nbd2 Nge7 8.
O-O Qd7 9. b4 O-O 10. Re1 Ng6 11. Nf1 Nce7 12. Ng3 f6 13. h3 Bf5 14. Nxf5 Nxf5
15. Qc2 Nfe7 16. Bd2 Rfe8 17. Rac1 Nf8 18. c4 c6 19. c5 Bc7 20. a4 Neg6 21. Bf5
Qf7 22. Qd3 Nf4 23. Bxf4 Bxf4 24. Rxe8 Rxe8 25. Re1 g6 26. g3 Bc7 27. Rxe8 Qxe8
28. Bg4 h5 29. Bxh5 gxh5 30. Qf5 Ne6 31. Qxf6 Qf7 32. Qxf7+ Kxf7 33. Ne5+ Ke7
34. Nf3 Kf6 35. g4 Ng5 36. Kg2 hxg4 37. hxg4 Nxf3 38. Kxf3 Kg5 39. Ke3 Kxg4 40.
f3+ Kg3 41. b5 a6 42. b6 Bf4+ 43. Ke2 Kg2 44. Kd3 Kxf3 45. Kc2 Ke2 46. Kc3 Bd2+
47. Kb2 Kd3 0-1

[Event "Deutsche Ländermeisterschaft 2020"]
[Site "Berlin GER"]
[Date "2020.09.30"]
[Round "1"]
[White "Werner, Florin"]
[Black "Alhassan, Jodi"]
[Result "1-0"]
[Termination "normal"]
[Board "8.7"]
[WhiteElo "1481"]
[BlackElo "1275"]
[WhiteTeam "Hessen"]
[BlackTeam "Saarland"]
[PlyCount "57"]
[WhiteFideId "16250230"]
[BlackFideId "16250460"]
[EventCountry "GER"]
[EventRounds "7"]
[EventType "team-swiss"]
[EventDate "2020.09.29"]

1. e4 c5 2. Nf3 d6 3. d4 cxd4 4. Nxd4 Nf6 5. Nc3 a6 6. Bc4 e6 7. Bb3 Be7 8. O-O
O-O 9. Be3 Nc6 10. f4 Qc7 11. f5 exf5 12. Nxf5 b5 13. a3 Bb7 14. Bg5 Ne5 15.
Bxf6 Bxf6 16. Nd5 Bxd5 17. Qxd5 Qb6+ 18. Kh1 Ng4 19. h3 Nf2+ 20. Kh2 Be5+ 21.
g3 Rae8 22. Kg2 Nxe4 23. Qxe4 Bxb2 24. Ne7+ Kh8 25. Bxf7 Bf6 26. Bxe8 Qd8 27.
Rae1 Rxe8 28. Ng6+ Kg8 29. Qxe8+ 1-0

[Event "Deutsche Ländermeisterschaft 2020"]
[Site "Berlin GER"]
[Date "2020.09.30"]
[Round "1"]
[White "Chassard, Cecilia"]
[Black "Fischer, Juliane"]
[Result "0-1"]
[Termination "normal"]
[Board "8.8"]
[WhiteElo "980"]
[BlackElo "1509"]
[WhiteTeam "Saarland"]
[BlackTeam "Hessen"]
[PlyCount "78"]
[WhiteFideId "16271831"]
[BlackFideId "16290135"]
[EventCountry "GER"]
[EventRounds "7"]
[EventType "team-swiss"]
[EventDate "2020.09.29"]

1. e4 c5 2. Nf3 Nc6 3. Bc4 g6 4. Nc3 Bg7 5. O-O Nf6 6. d3 O-O 7. Be3 d6 8. Qd2
Bd7 9. Bh6 Na5 10. Bb3 Nxb3 11. axb3 b5 12. Bxg7 Kxg7 13. Rfe1 b4 14. Nd5 Nxd5
15. exd5 e5 16. c3 a5 17. cxb4 axb4 18. Rxa8 Qxa8 19. h3 Qxd5 20. Qc2 Bxh3 21.
gxh3 Qxf3 22. Re3 Qc6 23. Rg3 Ra8 24. Qe2 Ra1+ 25. Qf1 Rxf1+ 26. Kxf1 Qd5 27.
h4 Qxb3 28. h5 Qxb2 29. hxg6 hxg6 30. Kg1 b3 31. d4 cxd4 32. Kh2 Qxf2+ 33. Rg2
Qxg2+ 34. Kxg2 b2 35. Kf2 b1=Q 36. Ke2 Qb3 37. Ke1 Qb2 38. Kd1 d3 39. Ke1 Qe2#
0-1

[Event "Deutsche Ländermeisterschaft 2020"]
[Site "Berlin GER"]
[Date "2020.09.30"]
[Round "2"]
[White "Lesny, Florian"]
[Black "Knüdel, Torben"]
[Result "0-1"]
[Termination "normal"]
[Board "1.2"]
[WhiteElo "2178"]
[BlackElo "2211"]
[WhiteClock "00:09:41"]
[BlackClock "00:33:24"]
[WhiteTeam "Hessen"]
[BlackTeam "Niedersachsen"]
[PlyCount "70"]
[WhiteFideId "12973874"]
[BlackFideId "16208820"]
[EventCountry "GER"]
[EventRounds "7"]
[EventType "team-swiss"]
[EventDate "2020.09.29"]

1. e4 {[%clk 1:30:58]} e5 {[%clk 1:30:56]} 2. Nf3 {[%clk 1:31:17]} Nc6 {[%clk
1:31:21]} 3. Bc4 {[%clk 1:31:36]} Bc5 {[%clk 1:31:47]} 4. O-O {[%clk 1:31:48]}
Nf6 {[%clk 1:32:10]} 5. d3 {[%clk 1:32:08]} a6 {[%clk 1:32:29]} 6. c3 {[%clk
1:32:04]} Ba7 {[%clk 1:32:41]} 7. Re1 {[%clk 1:30:54]} d6 {[%clk 1:33:00]} 8.
Bb3 {[%clk 1:31:13]} O-O {[%clk 1:33:19]} 9. h3 {[%clk 1:30:36]} h6 {[%clk
1:30:14]} 10. Nbd2 {[%clk 1:29:37]} Nh5 {[%clk 1:30:28]} 11. Nf1 {[%clk
1:24:54]} Qf6 {[%clk 1:30:30]} 12. Be3 {[%clk 1:24:13]} Bxe3 {[%clk 1:30:53]}
13. Nxe3 {[%clk 1:18:20]} Nf4 {[%clk 1:31:17]} 14. Nd5 {[%clk 1:14:49]} Nxd5
{[%clk 1:31:41]} 15. exd5 {[%clk 1:13:18]} Ne7 {[%clk 1:32:03]} 16. d4 {[%clk
1:10:56]} Ng6 {[%clk 1:32:25]} 17. dxe5 {[%clk 1:06:55]} dxe5 {[%clk 1:32:49]}
18. Nh2 {[%clk 1:00:09]} Bd7 {[%clk 1:17:22]} 19. Qf3 {[%clk 0:51:51]} Qd6
{[%clk 1:17:05]} 20. Bc2 {[%clk 0:48:32]} f5 {[%clk 1:16:53]} 21. Qg3 {[%clk
0:44:13]} Rae8 {[%clk 1:12:45]} 22. Rad1 {[%clk 0:42:22]} Rf6 {[%clk 1:03:49]}
23. Qe3 {[%clk 0:37:03]} Nf4 {[%clk 0:51:39]} 24. Nf1 {[%clk 0:35:18]} e4
{[%clk 0:46:44]} 25. c4 {[%clk 0:22:22]} b6 {[%clk 0:44:08]} 26. Qd2 {[%clk
0:18:09]} Rg6 {[%clk 0:40:39]} 27. Ng3 {[%clk 0:18:04]} h5 {[%clk 0:40:24]} 28.
h4 {[%clk 0:18:15]} Rg4 {[%clk 0:40:13]} 29. b4 {[%clk 0:17:56]} Qg6 {[%clk
0:36:36]} 30. c5 {[%clk 0:16:01]} Nxg2 {[%clk 0:36:08]} 31. Kxg2 {[%clk
0:12:14]} f4 {[%clk 0:36:29]} 32. Qc3 {[%clk 0:11:46]} f3+ {[%clk 0:34:05]} 33.
Kh2 {[%clk 0:09:13]} Rxh4+ {[%clk 0:34:01]} 34. Kg1 {[%clk 0:09:35]} Qg4 {[%clk
0:33:15]} 35. Rxe4 {[%clk 0:09:41]} Rh1+ {[%clk 0:33:24]} 0-1

[Event "Deutsche Ländermeisterschaft 2020"]
[Site "Berlin GER"]
[Date "2020.09.30"]
[Round "2"]
[White "Stelmaszyk, Nico"]
[Black "Haack, Kevin"]
[Result "1-0"]
[Termination "normal"]
[Board "1.3"]
[WhiteTitle "FM"]
[WhiteElo "2301"]
[BlackElo "2209"]
[WhiteClock "00:43:11"]
[BlackClock "00:03:40"]
[WhiteTeam "Niedersachsen"]
[BlackTeam "Hessen"]
[PlyCount "73"]
[WhiteFideId "16200462"]
[BlackFideId "16228715"]
[EventCountry "GER"]
[EventRounds "7"]
[EventType "team-swiss"]
[EventDate "2020.09.29"]

1. e4 {[%clk 1:31:21]} c5 2. c3 Nf6 {[%clk 1:31:15]} 3. e5 {[%clk 1:31:47]} Nd5
{[%clk 1:31:39]} 4. d4 {[%clk 1:32:39]} cxd4 {[%clk 1:32:01]} 5. Nf3 {[%clk
1:33:04]} e6 {[%clk 1:31:30]} 6. cxd4 {[%clk 1:33:28]} d6 {[%clk 1:31:53]} 7.
Bc4 {[%clk 1:33:51]} Nc6 {[%clk 1:31:34]} 8. O-O {[%clk 1:34:16]} Be7 {[%clk
1:31:19]} 9. Qe2 {[%clk 1:34:41]} O-O {[%clk 1:15:15]} 10. Qe4 {[%clk 1:26:28]}
Ndb4 {[%clk 1:10:57]} 11. exd6 {[%clk 1:25:18]} Qxd6 {[%clk 1:08:30]} 12. Bf4
{[%clk 1:25:04]} Qd7 {[%clk 1:05:20]} 13. Nc3 {[%clk 1:23:27]} Rd8 {[%clk
1:03:16]} 14. Rfd1 {[%clk 1:18:22]} Nd5 {[%clk 1:01:02]} 15. Ne5 {[%clk
1:17:06]} Nxe5 {[%clk 0:48:58]} 16. Bxe5 {[%clk 1:08:35]} b6 17. Bb5 Qb7 {[%clk
0:37:43]} 18. Nxd5 {[%clk 1:06:23]} Rxd5 {[%clk 0:33:24]} 19. Bd3 {[%clk
1:03:28]} f5 {[%clk 0:30:52]} 20. Qe3 {[%clk 0:59:51]} Rd8 {[%clk 0:28:11]} 21.
Qg3 {[%clk 0:52:58]} Bf8 {[%clk 0:24:49]} 22. Rac1 {[%clk 0:52:39]} Qe7 {[%clk
0:22:22]} 23. Be2 {[%clk 0:50:21]} Bb7 {[%clk 0:20:30]} 24. Rc7 {[%clk
0:49:10]} Rd7 {[%clk 0:20:50]} 25. Rdc1 {[%clk 0:49:01]} Rad8 {[%clk 0:14:06]}
26. Bb5 {[%clk 0:48:37]} g6 {[%clk 0:13:26]} 27. Bxd7 {[%clk 0:48:16]} Rxd7
{[%clk 0:13:45]} 28. h4 {[%clk 0:48:18]} Bh6 {[%clk 0:12:27]} 29. f4 {[%clk
0:46:33]} Bd5 {[%clk 0:08:02]} 30. h5 {[%clk 0:46:07]} Rxc7 {[%clk 0:07:23]}
31. Rxc7 {[%clk 0:46:27]} Qe8 {[%clk 0:07:38]} 32. Qc3 {[%clk 0:46:11]} Bf8
{[%clk 0:07:09]} 33. Bd6 {[%clk 0:43:48]} Qa4 {[%clk 0:04:16]} 34. Rc8 {[%clk
0:42:56]} Qd1+ {[%clk 0:04:11]} 35. Kf2 {[%clk 0:43:13]} Qh1 {[%clk 0:03:17]}
36. Rxf8+ {[%clk 0:42:56]} Kg7 {[%clk 0:03:40]} 37. h6+ {[%clk 0:43:11]} 1-0

[Event "Deutsche Ländermeisterschaft 2020"]
[Site "Berlin GER"]
[Date "2020.09.30"]
[Round "2"]
[White "Bakiev, Diyor"]
[Black "Payyappat, Sreyas"]
[Result "1-0"]
[Termination "normal"]
[Board "1.4"]
[WhiteElo "2070"]
[BlackElo "2144"]
[WhiteClock "00:36:35"]
[BlackClock "00:06:35"]
[WhiteTeam "Hessen"]
[BlackTeam "Niedersachsen"]
[PlyCount "75"]
[WhiteFideId "16241584"]
[BlackFideId "46674969"]
[EventCountry "GER"]
[EventRounds "7"]
[EventType "team-swiss"]
[EventDate "2020.09.29"]

1. e4 {[%clk 1:30:56]} e5 {[%clk 1:30:55]} 2. Nf3 {[%clk 1:31:17]} Nc6 {[%clk
1:31:18]} 3. Bb5 {[%clk 1:31:26]} a6 {[%clk 1:31:39]} 4. Ba4 {[%clk 1:32:16]}
Nf6 {[%clk 1:32:05]} 5. Qe2 {[%clk 1:32:42]} b5 {[%clk 1:31:19]} 6. Bb3 Be7
{[%clk 1:30:57]} 7. O-O {[%clk 1:33:04]} O-O 8. c3 {[%clk 1:33:31]} d5 {[%clk
1:26:07]} 9. d3 Bg4 {[%clk 1:24:16]} 10. Rd1 {[%clk 1:33:11]} d4 {[%clk
1:19:32]} 11. h3 {[%clk 1:26:07]} Bh5 {[%clk 1:17:45]} 12. Nbd2 {[%clk
1:24:07]} Qd7 {[%clk 1:17:23]} 13. Nf1 {[%clk 1:14:09]} a5 {[%clk 1:15:23]} 14.
Ng3 {[%clk 1:12:39]} Bg6 {[%clk 1:15:25]} 15. a4 {[%clk 1:11:30]} b4 {[%clk
1:14:21]} 16. cxd4 {[%clk 1:07:26]} exd4 {[%clk 1:12:36]} 17. Bg5 {[%clk
1:04:43]} Rfe8 {[%clk 1:09:36]} 18. Rac1 Nh5 {[%clk 1:09:58]} 19. Nxh5 {[%clk
1:02:39]} Bxh5 20. Bxe7 Nxe7 {[%clk 0:51:56]} 21. g4 {[%clk 0:59:36]} Bg6
{[%clk 0:51:27]} 22. Qc2 {[%clk 0:58:13]} Qd6 {[%clk 0:35:03]} 23. Qxc7 {[%clk
0:58:03]} Qf6 {[%clk 0:34:49]} 24. Kg2 {[%clk 0:52:43]} h6 {[%clk 0:23:28]} 25.
Qe5 {[%clk 0:50:38]} Qa6 {[%clk 0:21:29]} 26. Bc4 {[%clk 0:46:34]} Qb7 {[%clk
0:19:15]} 27. Bb5 {[%clk 0:43:22]} Rec8 {[%clk 0:19:02]} 28. Qxd4 {[%clk
0:40:18]} f6 {[%clk 0:14:16]} 29. Qd7 {[%clk 0:38:34]} Qxd7 {[%clk 0:13:51]}
30. Bxd7 {[%clk 0:39:00]} Rd8 {[%clk 0:13:52]} 31. Bb5 {[%clk 0:38:01]} Kf8
{[%clk 0:12:47]} 32. Nd2 {[%clk 0:37:42]} Rd4 {[%clk 0:12:00]} 33. Nb3 {[%clk
0:37:04]} Rd6 {[%clk 0:12:07]} 34. f3 {[%clk 0:36:48]} Be8 {[%clk 0:09:07]} 35.
Bxe8 {[%clk 0:36:50]} Kxe8 {[%clk 0:09:05]} 36. Rc5 {[%clk 0:36:31]} Rad8
{[%clk 0:07:09]} 37. d4 {[%clk 0:36:44]} Rc6 {[%clk 0:06:35]} 38. Rdc1 {[%clk
0:36:35]} 1-0

[Event "Deutsche Ländermeisterschaft 2020"]
[Site "Berlin GER"]
[Date "2020.09.30"]
[Round "2"]
[White "Hommer, Jeremy"]
[Black "Poetsch, Leonore"]
[Result "0-1"]
[Termination "normal"]
[Board "1.5"]
[WhiteElo "2246"]
[BlackElo "1984"]
[WhiteClock "00:03:16"]
[BlackClock "00:04:12"]
[WhiteTeam "Niedersachsen"]
[BlackTeam "Hessen"]
[PlyCount "126"]
[WhiteFideId "12992577"]
[BlackFideId "12940372"]
[EventCountry "GER"]
[EventRounds "7"]
[EventType "team-swiss"]
[EventDate "2020.09.29"]

1. d4 d5 {[%clk 1:31:00]} 2. Bf4 {[%clk 1:31:16]} Nf6 {[%clk 1:31:00]} 3. e4
{[%clk 1:31:50]} Bf5 {[%clk 1:29:51]} 4. c4 {[%clk 1:32:08]} e6 {[%clk
1:29:10]} 5. Nc3 {[%clk 1:32:19]} c6 {[%clk 1:27:56]} 6. Qb3 {[%clk 1:29:01]}
b6 {[%clk 1:25:56]} 7. Nf3 {[%clk 1:25:22]} Nbd7 {[%clk 1:24:42]} 8. h3 {[%clk
1:21:13]} Be7 {[%clk 1:23:05]} 9. Be2 {[%clk 1:21:18]} O-O {[%clk 1:20:26]} 10.
O-O {[%clk 1:20:38]} dxc4 {[%clk 1:18:30]} 11. Bxc4 {[%clk 1:04:16]} c5 {[%clk
1:15:43]} 12. Qd1 {[%clk 1:02:02]} a6 {[%clk 1:13:24]} 13. a4 {[%clk 1:00:03]}
Qc8 {[%clk 1:10:27]} 14. Qe2 {[%clk 0:49:17]} Nxe4 {[%clk 1:08:33]} 15. d5
{[%clk 0:49:27]} Nxc3 16. bxc3 Nf6 {[%clk 0:53:16]} 17. d6 {[%clk 0:43:35]} Bd8
{[%clk 0:53:33]} 18. Rfd1 {[%clk 0:37:04]} Ne4 {[%clk 0:50:59]} 19. Rac1 {[%clk
0:35:38]} Bf6 {[%clk 0:48:20]} 20. Ne5 {[%clk 0:34:54]} Rd8 {[%clk 0:45:44]}
21. f3 {[%clk 0:27:06]} Nxd6 {[%clk 0:42:50]} 22. Rxd6 {[%clk 0:23:57]} Rxd6
{[%clk 0:43:06]} 23. Qe4 {[%clk 0:24:18]} Bxh3 {[%clk 0:39:30]} 24. gxh3 {[%clk
0:23:58]} Bxe5 {[%clk 0:38:24]} 25. Bxe5 {[%clk 0:24:12]} Rd7 {[%clk 0:36:56]}
26. Kh1 {[%clk 0:23:32]} Kh8 {[%clk 0:34:32]} 27. Rg1 {[%clk 0:17:53]} f6
{[%clk 0:34:06]} 28. Bf4 {[%clk 0:18:04]} e5 {[%clk 0:33:32]} 29. Be3 {[%clk
0:18:19]} Rd6 {[%clk 0:32:16]} 30. Kh2 {[%clk 0:15:45]} Qd7 {[%clk 0:29:31]}
31. Ra1 {[%clk 0:06:07]} Qc8 {[%clk 0:25:17]} 32. Bd5 {[%clk 0:06:23]} Rb8
{[%clk 0:23:49]} 33. Rb1 {[%clk 0:05:01]} f5 {[%clk 0:17:11]} 34. c4 {[%clk
0:03:36]} f4 {[%clk 0:16:35]} 35. Bd2 {[%clk 0:03:15]} Rh6 {[%clk 0:14:40]} 36.
Qe1 {[%clk 0:03:04]} Qe8 {[%clk 0:13:46]} 37. Bc3 {[%clk 0:02:50]} Rh5 {[%clk
0:11:03]} 38. a5 {[%clk 0:01:05]} bxa5 {[%clk 0:07:56]} 39. Rxb8 {[%clk
0:01:14]} Qxb8 {[%clk 0:08:13]} 40. Bxa5 {[%clk 0:01:05]} Rg5 {[%clk 0:02:35]}
41. Be6 {[%clk 0:00:32]} Rg6 {[%clk 0:27:35]} 42. Bd5 {[%clk 0:26:32]} Qb2+
{[%clk 0:25:50]} 43. Kh1 {[%clk 0:26:49]} Rg3 {[%clk 0:23:50]} 44. Be6 {[%clk
0:20:49]} Qa3 45. Bc7 {[%clk 0:18:34]} Rxf3 {[%clk 0:18:46]} 46. Qg1 {[%clk
0:16:33]} Qd3 {[%clk 0:12:40]} 47. Bxe5 {[%clk 0:15:04]} Rg3 {[%clk 0:12:49]}
48. Bxg7+ {[%clk 0:06:59]} Rxg7 {[%clk 0:12:39]} 49. Bg4 {[%clk 0:07:27]} Qe4+
{[%clk 0:11:28]} 50. Kh2 {[%clk 0:05:52]} h5 51. Qd1 {[%clk 0:06:13]} hxg4
{[%clk 0:06:58]} 52. Qd8+ {[%clk 0:06:28]} Kh7 53. Qh4+ {[%clk 0:06:53]} Kg8
{[%clk 0:06:58]} 54. Qd8+ {[%clk 0:05:49]} Kf7 {[%clk 0:07:16]} 55. Qd7+ {[%clk
0:06:03]} Qe7 {[%clk 0:04:46]} 56. Qf5+ {[%clk 0:04:51]} Kg8 {[%clk 0:02:12]}
57. Qc8+ {[%clk 0:05:09]} Kh7 {[%clk 0:02:44]} 58. Qf5+ Rg6 {[%clk 0:02:47]}
59. hxg4 {[%clk 0:02:46]} Qe2+ {[%clk 0:03:09]} 60. Kh1 {[%clk 0:02:39]} Qf3+
61. Kh2 {[%clk 0:02:41]} Qg3+ {[%clk 0:03:21]} 62. Kh1 {[%clk 0:03:05]} Qh3+
{[%clk 0:03:46]} 63. Kg1 {[%clk 0:03:16]} Qxg4+ {[%clk 0:04:12]} 0-1

[Event "Deutsche Ländermeisterschaft 2020"]
[Site "Berlin GER"]
[Date "2020.09.30"]
[Round "2"]
[White "Brunner, Sophia"]
[Black "Werner, Florin"]
[Result "1-0"]
[Termination "normal"]
[Board "1.7"]
[WhiteElo "1850"]
[BlackElo "1481"]
[WhiteClock "00:17:37"]
[BlackClock "01:19:28"]
[WhiteTeam "Niedersachsen"]
[BlackTeam "Hessen"]
[PlyCount "113"]
[WhiteFideId "12960683"]
[BlackFideId "16250230"]
[EventCountry "GER"]
[EventRounds "7"]
[EventType "team-swiss"]
[EventDate "2020.09.29"]

1. d4 {[%clk 1:30:57]} d5 {[%clk 1:30:54]} 2. Nf3 {[%clk 1:31:15]} Bf5 {[%clk
1:30:49]} 3. g3 {[%clk 1:31:06]} Nf6 {[%clk 1:31:12]} 4. Bg2 {[%clk 1:31:27]}
e6 {[%clk 1:31:38]} 5. O-O {[%clk 1:31:10]} c5 {[%clk 1:31:41]} 6. b3 {[%clk
1:30:06]} Nc6 {[%clk 1:32:04]} 7. Bb2 {[%clk 1:27:50]} Nb4 {[%clk 1:29:22]} 8.
Na3 {[%clk 1:26:24]} Rc8 {[%clk 1:29:02]} 9. c3 Nc6 10. c4 {[%clk 0:59:14]} Qb6
{[%clk 1:21:31]} 11. cxd5 {[%clk 0:52:03]} exd5 {[%clk 1:21:41]} 12. dxc5
{[%clk 0:44:08]} Bxc5 {[%clk 1:19:31]} 13. Nc2 {[%clk 0:44:11]} Bg6 14. Bxf6
{[%clk 0:33:16]} gxf6 {[%clk 1:18:40]} 15. e3 {[%clk 0:33:29]} Ne7 {[%clk
1:16:00]} 16. Nfd4 {[%clk 0:23:37]} Bxc2 {[%clk 1:13:15]} 17. Nxc2 {[%clk
0:23:57]} Qd6 {[%clk 1:13:30]} 18. Nd4 {[%clk 0:23:09]} a6 {[%clk 1:13:11]} 19.
Qd3 {[%clk 0:19:40]} h6 {[%clk 0:50:26]} 20. Rfd1 {[%clk 0:13:22]} Rd8 {[%clk
0:50:26]} 21. Rac1 {[%clk 0:12:26]} Bb6 {[%clk 0:50:27]} 22. Rd2 {[%clk
0:08:59]} Ba5 {[%clk 0:50:38]} 23. Re2 {[%clk 0:07:37]} O-O {[%clk 0:50:29]}
24. Bh3 {[%clk 0:05:08]} Qe5 {[%clk 0:50:06]} 25. Rec2 {[%clk 0:04:07]} Bb6
{[%clk 0:49:53]} 26. Rd1 {[%clk 0:00:56]} Qh5 {[%clk 0:48:25]} 27. Kg2 {[%clk
0:00:59]} Bxd4 {[%clk 0:47:56]} 28. Qxd4 {[%clk 0:01:21]} Nc6 {[%clk 0:47:32]}
29. Qg4+ {[%clk 0:01:08]} Qg6 {[%clk 0:47:02]} 30. Qxg6+ {[%clk 0:00:50]} fxg6
{[%clk 0:47:17]} 31. Be6+ {[%clk 0:01:12]} Kg7 {[%clk 0:47:29]} 32. Rxd5 {[%clk
0:00:49]} Nb4 {[%clk 0:47:47]} 33. Rc7+ {[%clk 0:01:01]} Kh8 {[%clk 0:48:01]}
34. Rxd8 {[%clk 0:00:36]} Rxd8 {[%clk 0:48:16]} 35. Rxb7 {[%clk 0:00:42]} Nxa2
{[%clk 0:48:39]} 36. Bc4 {[%clk 0:01:01]} Rd6 {[%clk 0:48:36]} 37. Rb8+ {[%clk
0:00:56]} Kh7 {[%clk 0:48:55]} 38. Ra8 {[%clk 0:00:56]} Nb4 {[%clk 0:49:11]}
39. Ra7+ {[%clk 0:01:02]} Kh8 {[%clk 0:49:28]} 40. Rb7 {[%clk 0:00:55]} Nd5
{[%clk 0:48:28]} 41. Bxd5 {[%clk 0:26:54]} Rxd5 {[%clk 1:18:17]} 42. Rb6 {[%clk
0:27:22]} Kg7 {[%clk 1:18:20]} 43. Rxa6 {[%clk 0:25:47]} Rb5 {[%clk 1:18:44]}
44. Ra3 {[%clk 0:25:21]} h5 {[%clk 1:18:33]} 45. Kf3 {[%clk 0:24:00]} f5 {[%clk
1:18:25]} 46. Ke2 {[%clk 0:22:51]} Kf6 {[%clk 1:18:31]} 47. h4 {[%clk 0:21:14]}
g5 {[%clk 1:18:16]} 48. Ra6+ {[%clk 0:16:15]} Kg7 {[%clk 1:17:58]} 49. hxg5
{[%clk 0:16:03]} Rxb3 {[%clk 1:18:19]} 50. Rf6 {[%clk 0:16:19]} Rb5 {[%clk
1:18:30]} 51. Kf3 {[%clk 0:16:30]} Ra5 {[%clk 1:18:24]} 52. Kf4 {[%clk
0:16:18]} Ra2 {[%clk 1:18:34]} 53. f3 {[%clk 0:16:07]} Ra5 {[%clk 1:18:28]} 54.
Rxf5 {[%clk 0:16:30]} Ra4+ {[%clk 1:18:52]} 55. e4 {[%clk 0:16:51]} Kg6 {[%clk
1:19:11]} 56. Rf6+ {[%clk 0:17:14]} Kg7 {[%clk 1:19:28]} 57. Rh6 {[%clk
0:17:37]} 1-0